000 00670nam a2200241 i 4500
001 C2-0091582
003 PPAK
005 20180727092451.0
008 970511s1960 enk |||| ||||| | eng d
020 _a0140181040
040 _aPPAK
_beng
_cPPAK
_erda
082 0 4 _a842.914
_223
090 0 0 _a842.914
_bION
_dG
100 1 _aIonesco, Eugene,
_eauthor
245 1 0 _aRhinoceros . The chair . The lesson
264 1 _aLondon :
_bPenguin Books ,
_c1960
300 _a217 pages ;
_c20 cm
336 _2rdacontent
_atext
337 _2rdamedia
_aunmediated
338 _2rdacarrier
_avolume
650 1 0 _aDramatists, French - 20th century - Biography
942 _ddc
_cB
999 _c19447
_d19447